000 00600nam a2200193Ia 4500
999 _c9071
_d9071
003 OSt
005 20200826152558.0
008 190216s9999||||xx |||||||||||||| ||und||
020 _a9781259026843
040 _coclc
082 _a658.84
_bBHA/E
100 _aBhasker, Bharat
_94365
245 0 _aElectronic Commerce Framework, Technologies And Applications /
_cBharat Bhasker
250 _a4th Ed.
260 _bMc Graw Hill Education (india) Private Limited,
_c2013.
_aNew Delhi:
300 _a519p
650 _aComputer
942 _cBK
_2ddc
_h658.84
_iBHA/E
_k658.84
_mBHA/E